[Event "VI. Karnevals-Open"]
[Site "Solingen"]
[Date "2015.02.13"]
[Round "1.27"]
[White "Ipekyilmaz, Tayfun"]
[Black "Timar-Geng, Dr. Zoltan"]
[Result "0-1"]
[WhiteElo "1597"]
[BlackElo "1939"]
[PlyCount "142"]
[EventDate "2015.??.??"]
[WhiteTeam "Langenfelder SF"]
[BlackTeam "SC Eulenspiegel Regensb."]

1. e4 e5 2. f4 exf4 3. Nf3 g5 4. Bc4 Bg7 5. d4 d6 6. h4 h6 7. hxg5 hxg5 8. Rxh8
Bxh8 9. c3 Qe7 10. Qe2 Nc6 11. Nbd2 g4 12. Ng1 Nf6 13. Bd5 Nh5 14. Nf1 Bf6 15.
Bd2 Bh4+ 16. Kd1 Bd7 17. Bxc6 bxc6 18. Be1 Rb8 19. Kc2 Bg5 20. Qd3 Ng7 21. Bd2
f5 22. Re1 fxe4 23. Qa6 d5 24. Qxa7 Qd8 25. a3 Bf5 26. Bc1 e3+ 27. Kd1 Kd7 28.
g3 Ra8 29. Qb7 Rb8 30. Qa7 f3 31. Bxe3 Rxb2 32. Nd2 Bxe3 33. Rxe3 f2 34. Ne2
Rxd2+ 35. Kxd2 f1=Q 36. Qc5 Qb1 37. Nf4 Qc2+ 38. Ke1 Qc1+ 39. Kf2 Qxe3+ 40.
Kxe3 Qe7+ 41. Qxe7+ Kxe7 42. Nd3 Ne6 43. Ne5 c5 44. a4 Kd6 45. a5 cxd4+ 46.
cxd4 c5 47. Nf7+ Ke7 48. Nh6 cxd4+ 49. Kd2 Be4 50. Nxg4 Nc5 51. Ke1 Nd3+ 52.
Kd2 Nc5 53. Ke1 Ke6 54. Nf2 Bg6 55. g4 Kd6 56. Nh3 Ne6 57. Ng1 d3 58. Nf3 Be4
59. Nd2 Nc5 60. Kf2 Bg6 61. Ke3 Kc6 62. Kd4 Ne4 63. Kxd3 Nxd2+ 64. Kxd2 Kb5 65.
Kc3 Kxa5 66. Kd4 Bf7 67. Kc5 Ka4 68. g5 Kb3 69. Kd4 Kc2 70. g6 Bg8 71. g7 Kd2
0-1

[Event "VI. Karnevals-Open"]
[Site "Solingen"]
[Date "2015.02.13"]
[Round "1.28"]
[White "Paulus, Jeffrey"]
[Black "Schulten, Sandro"]
[Result "1-0"]
[WhiteElo "1931"]
[BlackElo "1493"]
[PlyCount "33"]
[EventDate "2015.??.??"]
[WhiteTeam "SG Porz"]
[BlackTeam "BW Concordia Viersen"]

1. d4 d5 2. c4 c6 3. Nc3 Nf6 4. Nf3 dxc4 5. a4 Bf5 6. Ne5 e6 7. Bg5 Be7 8. Bxf6
Bxf6 9. e4 Bxe5 10. dxe5 Qxd1+ 11. Rxd1 Bg6 12. f4 h5 13. Bxc4 Nd7 14. b4 Ke7
15. Ke2 f5 16. Rd6 Bf7 17. exf5 1-0

[Event "VI. Karnevals-Open"]
[Site "Solingen"]
[Date "2015.02.13"]
[Round "1.29"]
[White "Lehmkau, Steffen"]
[Black "Chittka, Julius"]
[Result "0-1"]
[WhiteElo "1452"]
[BlackElo "1928"]
[PlyCount "56"]
[EventDate "2015.??.??"]
[WhiteTeam "SV Mülheim-Nord"]
[BlackTeam "SF Düsseldorf-Süd"]

1. d4 Nf6 2. c4 c5 3. d5 b5 4. cxb5 a6 5. bxa6 Bxa6 6. Nc3 d6 7. e4 Bxf1 8.
Kxf1 g6 9. Nge2 Bg7 10. Qc2 O-O 11. g3 Na6 12. Kg2 c4 13. Be3 Nb4 14. Qd2 Ng4
15. Bd4 Bxd4 16. Nxd4 Qb6 17. Nf3 Nd3 18. Rhf1 f5 19. b3 fxe4 20. Nxe4 Rxf3 21.
Kxf3 Nxh2+ 22. Kg2 Nxf1 23. Rxf1 Qd4 24. f3 Qxd5 25. bxc4 Qxc4 26. Ra1 Rb8 27.
Qc3 Rb2+ 28. Kh3 Qe6+ 0-1

[Event "VI. Karnevals-Open"]
[Site "Solingen"]
[Date "2015.02.13"]
[Round "1.30"]
[White "Kagan, Dennis"]
[Black "Rudolph, Eva"]
[Result "1-0"]
[WhiteElo "1926"]
[BlackElo "1439"]
[PlyCount "143"]
[EventDate "2015.??.??"]
[WhiteTeam "SG Porz"]
[BlackTeam "Düsseldorfer SK"]

1. e4 e5 2. Nf3 Nf6 3. Nxe5 d6 4. Nf3 Nxe4 5. d4 d5 6. Bd3 Nc6 7. O-O Be7 8.
Re1 Nf6 9. h3 O-O 10. c4 Re8 11. Nc3 b6 12. Bf4 a6 13. Nxd5 Nxd5 14. cxd5 Nb4
15. Rc1 Nxd5 16. Be4 Ra7 17. Bxd5 Qxd5 18. Bxc7 b5 19. Bb6 Ra8 20. Bc5 Be6 21.
Bxe7 Rxe7 22. a3 Rd7 23. Re5 Qd6 24. Qe2 h6 25. Rec5 Re7 26. Qe4 Rb8 27. Rc6
Qd8 28. Qf4 Ra8 29. Ne5 Bd5 30. R6c3 Qd6 31. Qf5 Be6 32. Qe4 Ree8 33. Rc6 Qd8
34. Qf4 Bd5 35. Rc7 Re7 36. R7c3 Qd6 37. Qf5 Be6 38. Qe4 Ree8 39. Rc6 Qd8 40.
Rc7 Bd5 41. Qf5 Be6 42. Qd3 Bc4 43. R1xc4 bxc4 44. Qxc4 Re7 45. Rc5 Qb6 46. b4
Qe6 47. Qc3 f6 48. Nf3 Qe2 49. Qb3+ Qe6 50. d5 Qf7 51. Qd3 Rd7 52. d6 Qe6 53.
Rc6 a5 54. b5 Rad8 55. Qc3 Rxd6 56. Qxa5 Kh7 57. Qxd8 Rxc6 58. bxc6 Qxc6 59.
Qa5 Qc1+ 60. Kh2 Qf4+ 61. Kg1 Qc1+ 62. Ne1 Qa1 63. Qb4 Kg6 64. a4 Kf7 65. a5
Ke6 66. Kh2 Qe5+ 67. g3 Qe2 68. Kg2 Qa6 69. Nf3 Kf7 70. Qb6 Qc8 71. a6 Kg6 72.
Qb7 1-0

[Event "VI. Karnevals-Open"]
[Site "Solingen"]
[Date "2015.02.13"]
[Round "1.31"]
[White "Ehringfeld, Michael"]
[Black "Barisch, Florian"]
[Result "0-1"]
[WhiteElo "1415"]
[BlackElo "1920"]
[PlyCount "76"]
[EventDate "2015.??.??"]
[WhiteTeam "SG Solingen"]
[BlackTeam "SC Butzbach 2000"]

1. d4 Nf6 2. Nf3 g6 3. g3 Bg7 4. Bg2 O-O 5. O-O d6 6. Re1 Nbd7 7. e4 c5 8. c3
Rb8 9. Bg5 h6 10. Bxf6 Bxf6 11. Qd2 Bg7 12. Qe3 Qc7 13. Nbd2 b5 14. Rac1 Ba6
15. b4 Rbc8 16. Nb3 c4 17. Nbd2 Nb6 18. Bh3 Ra8 19. Rb1 Bb7 20. Bg2 a6 21. Rec1
Ra7 22. d5 Rfa8 23. Nd4 Na4 24. f4 Qb6 25. N2f3 Bc8 26. e5 Bg4 27. e6 fxe6 28.
dxe6 Bxf3 29. Bxf3 Nxc3 30. Nc2 Qxe3+ 31. Nxe3 Rd8 32. Rb2 Nd5 33. Re2 Nxe3 34.
Rxe3 Bd4 35. Kf2 a5 36. a3 axb4 37. axb4 Ra2+ 38. Be2 Ra3 0-1

[Event "VI. Karnevals-Open"]
[Site "Solingen"]
[Date "2015.02.13"]
[Round "1.32"]
[White "Vishanji, Adrian"]
[Black "Cornelißen, Jonas"]
[Result "1/2-1/2"]
[WhiteElo "1908"]
[BlackElo "1295"]
[PlyCount "152"]
[EventDate "2015.??.??"]
[WhiteTeam "SV Turm Drolshagen"]
[BlackTeam "SK Xanten"]

1. e4 c5 2. Nf3 g6 3. d4 cxd4 4. Nxd4 Bg7 5. Be3 Nf6 6. Nc3 O-O 7. Bc4 d6 8. f3
a6 9. Qd2 Re8 10. g4 h5 11. gxh5 Nxh5 12. O-O-O Nc6 13. Rhg1 Ne5 14. Bb3 e6 15.
Bh6 Qf6 16. Bxg7 Nxg7 17. f4 Nd7 18. Rdf1 Nc5 19. Nde2 Rd8 20. Qe3 Nxb3+ 21.
axb3 Bd7 22. e5 dxe5 23. fxe5 Qh4 24. Ne4 Nf5 25. Qf4 Qxf4+ 26. Rxf4 Kg7 27.
N2g3 Rac8 28. Nxf5+ exf5 29. Nf6 Be6 30. Rg3 Rc5 31. Re3 Bxb3 32. Rf2 Be6 33.
h4 Rh8 34. Rh2 Rc4 35. h5 f4 36. Rf3 Rc5 37. h6+ Kf8 38. Rxf4 Rxe5 39. Kd2 Ke7
40. Rhf2 Rf5 41. Rxf5 Bxf5 42. Nd5+ Kd6 43. Ne3 Rxh6 44. Nxf5+ gxf5 45. Rxf5 f6
46. b4 Kc6 47. c4 Kd6 48. Kd3 Ke6 49. Rf4 Rh5 50. Kd4 b6 51. c5 Rd5+ 52. Kc4
b5+ 53. Kc3 Ke7 54. Rh4 Ke6 55. Rh8 Rg5 56. Ra8 Rg3+ 57. Kc2 Ra3 58. Kb2 Ra4
59. Kb3 f5 60. Re8+ Kd5 61. Rf8 Kc6 62. Rxf5 Kc7 63. Rf4 a5 64. Rf7+ Kc6 65.
Rf6+ Kc7 66. bxa5 Rxa5 67. Kb4 Ra1 68. Kxb5 Rb1+ 69. Kc4 Rc1+ 70. Kd4 Rd1+ 71.
Ke3 Rc1 72. Kd4 Rd1+ 73. Kc4 Rc1+ 74. Kd4 Rd1+ 75. Kc4 Rc1+ 76. Kd4 Rd1+
1/2-1/2

[Event "VI. Karnevals-Open"]
[Site "Solingen"]
[Date "2015.02.13"]
[Round "1.33"]
[White "Krabbe, Thomas"]
[Black "Bießner, Eberhard"]
[Result "0-1"]
[WhiteElo "1148"]
[BlackElo "1895"]
[PlyCount "78"]
[EventDate "2015.??.??"]
[WhiteTeam "Düsseldorfer SK"]
[BlackTeam "Rheydter SV"]

1. c4 Nf6 2. g3 e5 3. Bg2 d5 4. cxd5 Nxd5 5. Nc3 c6 6. d3 Be6 7. Nf3 f6 8. O-O
Qd7 9. d4 exd4 10. Nxd4 Nxc3 11. bxc3 Bd5 12. e4 Bc4 13. Re1 Bc5 14. Qh5+ Qf7
15. Qxc5 Nd7 16. Qd6 Ne5 17. Nf5 g6 18. Ne3 Rd8 19. Qb4 Nd3 20. Qa3 Nxe1 21.
Nxc4 Qxc4 22. Qb2 Nxg2 23. Bd2 O-O 24. Kxg2 Qxe4+ 25. Kg1 Qd3 26. Bh6 Rf7 27.
Qb3 Qd5 28. c4 Qd3 29. Qxd3 Rxd3 30. Re1 Rd8 31. a4 Rfd7 32. Kg2 Kf7 33. f4
Rd2+ 34. Kh3 Rc2 35. Rb1 Rd7 36. f5 Rxc4 37. fxg6+ hxg6 38. Rf1 Rxa4 39. Bg5 f5
0-1

[Event "VI. Karnevals-Open"]
[Site "Solingen"]
[Date "2015.02.13"]
[Round "1.34"]
[White "Boschek, Dr. Hans-Joachim"]
[Black "Vishanji, Denis"]
[Result "1-0"]
[WhiteElo "1886"]
[BlackElo "1127"]
[PlyCount "51"]
[EventDate "2015.??.??"]
[WhiteTeam "SG Solingen"]
[BlackTeam "SV Turm Drolshagen"]

1. c4 e6 2. Nf3 d5 3. b3 Bb4 4. Bb2 Nf6 5. g3 c5 6. Bg2 Nc6 7. O-O O-O 8. e3
Ne4 9. d3 Nd6 10. cxd5 exd5 11. d4 Qb6 12. a3 Ba5 13. dxc5 Qxc5 14. b4 Bxb4 15.
axb4 Qb5 16. Nd4 Qc4 17. Nxc6 bxc6 18. Qd4 f6 19. Nd2 Qxd4 20. Bxd4 Rf7 21.
Rfc1 Rc7 22. Bxd5+ Kf8 23. Rxc6 Rxc6 24. Bxc6 Rb8 25. Bc5 Ke7 26. Nc4 1-0

[Event "VI. Karnevals-Open"]
[Site "Solingen"]
[Date "2015.02.14"]
[Round "2.1"]
[White "Jesse, Ingemars"]
[Black "Ramien, David"]
[Result "1-0"]
[WhiteElo "2423"]
[BlackElo "1987"]
[PlyCount "105"]
[EventDate "2015.??.??"]
[WhiteTeam "SG Bochum"]
[BlackTeam "SG Porz"]

1. Nf3 g6 2. g3 Bg7 3. d4 Nf6 4. Bg2 O-O 5. O-O d6 6. b3 Nbd7 7. Bb2 e5 8. dxe5
Ng4 9. c4 Ngxe5 10. Nxe5 Nxe5 11. Nc3 f5 12. Qd2 Rb8 13. Rfd1 Be6 14. Rac1 f4
15. gxf4 Qh4 16. e3 Ng4 17. h3 Nf6 18. Nd5 Bxh3 19. Nxf6+ Bxf6 20. Qd5+ Kg7 21.
Bxf6+ Rxf6 22. Qg5 Qg4 23. Qxg4 Bxg4 24. Rd2 b6 25. b4 c5 26. b5 Kf7 27. a4 Bc8
28. a5 Bb7 29. axb6 axb6 30. Ra1 Bxg2 31. Kxg2 Re6 32. Ra7+ Re7 33. Rda2 Rbb7
34. Rxb7 Rxb7 35. e4 Ke6 36. Kg3 h6 37. Kg4 Kf6 38. f3 Ke6 39. Ra8 Kf6 40. Rd8
h5+ 41. Kh4 Ke7 42. Ra8 Kf6 43. Ra6 Ke6 44. Kg5 Kf7 45. Ra8 Ke6 46. Kxg6 h4 47.
Re8+ Re7 48. f5+ Kd7 49. Rh8 Re8 50. Rh7+ Kd8 51. Rxh4 Rg8+ 52. Kf6 Rg3 53. Ke6
1-0

[Event "VI. Karnevals-Open"]
[Site "Solingen"]
[Date "2015.02.14"]
[Round "2.2"]
[White "Krüger, Till"]
[Black "Coenen, Michael"]
[Result "0-1"]
[WhiteElo "1973"]
[BlackElo "2404"]
[PlyCount "90"]
[EventDate "2015.??.??"]
[WhiteTeam "SC Nidderau"]
[BlackTeam "SG Hochneukirch"]

1. e4 c5 2. Nf3 d6 3. Bb5+ Nd7 4. O-O a6 5. Bxd7+ Bxd7 6. d4 cxd4 7. Nxd4 g6 8.
c4 Bg7 9. Be3 Rc8 10. b3 Nf6 11. f3 O-O 12. Qd2 Qc7 13. Nc3 b5 14. Nd5 Nxd5 15.
cxd5 Qc3 16. Rfd1 Qxd2 17. Rxd2 Rc3 18. Kf2 Rfc8 19. Rad1 Kf8 20. Ne2 R3c7 21.
Bb6 Rb7 22. Bd4 f6 23. Rc1 Rbc7 24. Rxc7 Rxc7 25. Bb6 Rc8 26. Be3 f5 27. Bd4
fxe4 28. fxe4 Bg4 29. h3 Bxe2 30. Kxe2 Bh6 31. Be3 Kg7 32. Bd4+ Kf7 33. Be3 Bg7
34. Bd4 Bxd4 35. Rxd4 Kf6 36. Ke3 Ke5 37. g3 Rc2 38. Rd3 b4 39. Rd1 Rxa2 40.
Kd3 a5 41. Rf1 Rg2 42. Rf3 h5 43. h4 Rb2 44. Rf7 Rxb3+ 45. Kd2 Kxe4 0-1

[Event "VI. Karnevals-Open"]
[Site "Solingen"]
[Date "2015.02.14"]
[Round "2.3"]
[White "Seger, Rüdiger"]
[Black "Speck, Stefan"]
[Result "1/2-1/2"]
[WhiteElo "2377"]
[BlackElo "1984"]
[PlyCount "81"]
[EventDate "2015.??.??"]
[WhiteTeam "SG Trier"]
[BlackTeam "SC Solingen 28"]

1. e4 Nf6 2. e5 Nd5 3. d4 d6 4. Nf3 dxe5 5. Nxe5 c6 6. Bd3 g6 7. O-O Bg7 8. Re1
Be6 9. Na3 Nd7 10. Nxd7 Qxd7 11. c3 Bg4 12. Qc2 Bf5 13. Bxf5 Qxf5 14. Qxf5 gxf5
15. Nc4 O-O-O 16. a4 Bf6 17. Bd2 Rhg8 18. Ne5 Bxe5 19. Rxe5 e6 20. b3 Rg4 21.
f3 Rg6 22. Kf2 Rdg8 23. Rg1 h5 24. h4 R6g7 25. c4 Ne7 26. Bg5 Ng6 27. Re2 Nf8
28. d5 Rg6 29. dxc6 bxc6 30. b4 f6 31. Be3 e5 32. Bxa7 Kb7 33. Be3 f4 34. Bc5
Ne6 35. Rd2 Nxc5 36. bxc5 Kc7 37. Rd6 Rb8 38. Rgd1 Rbg8 39. Rg1 Rb8 40. Rgd1
Rbg8 41. Rg1 1/2-1/2

[Event "VI. Karnevals-Open"]
[Site "Solingen"]
[Date "2015.02.14"]
[Round "2.4"]
[White "Pauls, Wilhelm"]
[Black "Berg, Michael"]
[Result "0-1"]
[WhiteElo "1956"]
[BlackElo "2264"]
[PlyCount "76"]
[EventDate "2015.??.??"]
[WhiteTeam "SG Kaarst"]
[BlackTeam "SG Solingen"]

1. e4 c6 2. d4 d5 3. exd5 cxd5 4. c4 Nf6 5. Nc3 Be6 6. Bg5 dxc4 7. Bxf6 exf6 8.
d5 Bf5 9. Bxc4 Bd6 10. Qf3 Bg6 11. Bb5+ Kf8 12. Nge2 a6 13. Ba4 b5 14. Bb3 Nd7
15. O-O Ne5 16. Qh3 b4 17. Nd1 Bd3 18. Re1 Qb6 19. Rc1 g6 20. Qh6+ Kg8 21. Ne3
Bf8 22. Qh3 Bc5 23. Nf4 Bb5 24. Red1 Rd8 25. d6 Bxe3 26. fxe3 Kg7 27. Rc7 Rd7
28. Nd5 Qxd6 29. Rxd7 Bxd7 30. Qh4 a5 31. Rd4 Nc6 32. Rf4 f5 33. g4 Qe5 34.
gxf5 Bxf5 35. e4 Be6 36. Ba4 Nd4 37. Kf2 Bxd5 38. exd5 Qe2+ 0-1

[Event "VI. Karnevals-Open"]
[Site "Solingen"]
[Date "2015.02.14"]
[Round "2.5"]
[White "Zolfagharian, Kevin"]
[Black "Große-Hering, Peter"]
[Result "1-0"]
[WhiteElo "2182"]
[BlackElo "1944"]
[PlyCount "47"]
[EventDate "2015.??.??"]
[WhiteTeam "SG Solingen"]
[BlackTeam "SV Horst-Emscher"]

1. e4 d6 2. d4 Nf6 3. Nc3 g6 4. Nf3 Bg7 5. Be3 c6 6. Qd2 Qa5 7. Bd3 Bg4 8. Nh4
Qh5 9. g3 Bh3 10. Ne2 e5 11. dxe5 dxe5 12. Ng1 Qg4 13. Qb4 b6 14. f3 Qc8 15.
Nxh3 Qxh3 16. O-O-O Qe6 17. Bc4 Qe7 18. Qd2 Nbd7 19. g4 Rd8 20. Bh6 O-O 21. Nf5
Qc5 22. Bxg7 Qxc4 23. Bxf6 Qxa2 24. Nh6# 1-0

[Event "VI. Karnevals-Open"]
[Site "Solingen"]
[Date "2015.02.14"]
[Round "2.6"]
[White "Timar-Geng, Dr. Zoltan"]
[Black "Heinert, Eugen"]
[Result "0-1"]
[WhiteElo "1939"]
[BlackElo "2154"]
[PlyCount "64"]
[EventDate "2015.??.??"]
[WhiteTeam "SC Eulenspiegel Regensb."]
[BlackTeam "OSC Rheinhausen"]

1. d4 d5 2. c4 dxc4 3. Nf3 a6 4. a4 Nf6 5. e3 Bg4 6. Bxc4 e6 7. O-O Nc6 8. a5
Bd6 9. h3 Bh5 10. Bd2 O-O 11. Bc3 Qe7 12. Nbd2 Nd5 13. Bd3 Ncb4 14. Bb1 c5 15.
Ne4 Nxc3 16. bxc3 Nc6 17. Nxd6 Qxd6 18. g4 Bg6 19. Bxg6 hxg6 20. Ng5 cxd4 21.
cxd4 Qd5 22. f4 f6 23. Nf3 Nxa5 24. Qe1 Nc4 25. e4 Qd6 26. e5 Qd5 27. Qb1 fxe5
28. dxe5 Rxf4 29. Qxg6 Rxf3 30. Rxf3 Qxf3 31. Qxe6+ Qf7 32. Qxf7+ Kxf7 0-1

[Event "VI. Karnevals-Open"]
[Site "Solingen"]
[Date "2015.02.14"]
[Round "2.7"]
[White "Flesch, Dr. Stefan"]
[Black "Paulus, Jeffrey"]
[Result "0-1"]
[WhiteElo "2121"]
[BlackElo "1931"]
[PlyCount "74"]
[EventDate "2015.??.??"]
[WhiteTeam "Düsseldorfer SK"]
[BlackTeam "SG Porz"]

1. d4 g6 2. c4 Bg7 3. Nc3 Nf6 4. e4 d6 5. h3 O-O 6. Bg5 e5 7. dxe5 dxe5 8. Qxd8
Rxd8 9. Nd5 Nxd5 10. Bxd8 Nb4 11. O-O-O f5 12. a3 N4c6 13. Bg5 fxe4 14. Ne2 Nd4
15. Nc3 Bf5 16. g4 Bd7 17. Bg2 Nbc6 18. Bxe4 Na5 19. Nd5 Ba4 20. Rde1 Nab3+ 21.
Kb1 Nc5 22. Nc3 Nxe4 23. Nxe4 h6 24. Bd2 Bc2+ 25. Kc1 Bd3 26. Re3 Nb3+ 27. Kd1
Bxc4 28. Bc3 Rd8+ 29. Kc2 Nd4+ 30. Kb1 Ne2 31. Re1 Nf4 32. Rc1 Ng2 33. Rg3 Bd3+
34. Rxd3 Rxd3 35. Nc5 Rxh3 36. Ne6 Bf6 37. Nxc7 Rf3 0-1

[Event "VI. Karnevals-Open"]
[Site "Solingen"]
[Date "2015.02.14"]
[Round "2.8"]
[White "Chittka, Julius"]
[Black "Kolthoff, Siegmund"]
[Result "0-1"]
[WhiteElo "1928"]
[BlackElo "2091"]
[PlyCount "54"]
[EventDate "2015.??.??"]
[WhiteTeam "SF Düsseldorf-Süd"]
[BlackTeam "BW Buchholz"]

1. d4 Nf6 2. c4 g6 3. Nc3 d5 4. Bf4 Bg7 5. e3 O-O 6. cxd5 Nxd5 7. Nxd5 Qxd5 8.
Bxc7 Nc6 9. Nf3 Bf5 10. a3 Rac8 11. Bg3 Rfd8 12. Nh4 Bc2 13. Qe2 e5 14. Rc1 Bb3
15. Rc5 Qe4 16. Qd3 Qxd3 17. Bxd3 exd4 18. e4 Ne5 19. Rxc8 Nxd3+ 20. Ke2 Rxc8
21. Kxd3 Bc2+ 22. Kd2 Bxe4 23. Rc1 Re8 24. f4 d3 25. Rb1 Rc8 26. Rc1 Rxc1 27.
Kxc1 Bxb2+ 0-1

[Event "VI. Karnevals-Open"]
[Site "Solingen"]
[Date "2015.02.14"]
[Round "2.9"]
[White "Siemes, Robert"]
[Black "Kagan, Dennis"]
[Result "1-0"]
[WhiteElo "2080"]
[BlackElo "1926"]
[PlyCount "65"]
[EventDate "2015.??.??"]
[WhiteTeam "Ratinger SK"]
[BlackTeam "SG Porz"]

1. e4 c5 2. Nf3 d6 3. d4 cxd4 4. Nxd4 Nf6 5. Nc3 Nc6 6. Bg5 e6 7. Qd2 Be7 8.
O-O-O a6 9. Kb1 O-O 10. f3 Qc7 11. h4 Rd8 12. g4 b5 13. Nxc6 Qxc6 14. Bd3 Bb7
15. Ne2 Qc7 16. Nd4 Rac8 17. Be3 Kh8 18. h5 d5 19. e5 Qxe5 20. g5 Ne8 21. h6 g6
22. Bxg6 Qc7 23. Bxf7 Bb4 24. Qxb4 Qxf7 25. Nxe6 Rd6 26. Nc5 Ba8 27. Qd4+ Kg8
28. Bd2 Qg6 29. Bc3 Qf5 30. Rde1 Kf7 31. Re5 Qg6 32. Rhe1 Kg8 33. Rxe8+ 1-0

[Event "VI. Karnevals-Open"]
[Site "Solingen"]
[Date "2015.02.14"]
[Round "2.10"]
[White "Barisch, Florian"]
[Black "Bub, Volker"]
[Result "0-1"]
[WhiteElo "1920"]
[BlackElo "2079"]
[PlyCount "63"]
[EventDate "2015.??.??"]
[WhiteTeam "SC Butzbach 2000"]
[BlackTeam "SC Tornado Hochneukirch"]

1. d4 f5 2. e4 fxe4 3. Nc3 Nf6 4. Bg5 Nc6 5. d5 Ne5 6. Qe2 Nf7 7. f4 c6 8.
O-O-O d6 9. Bxf6 gxf6 10. Nxe4 Bg7 11. Nf3 O-O 12. Nc3 cxd5 13. Nxd5 e5 14.
fxe5 dxe5 15. Kb1 Nd6 16. Nc3 Qe7 17. Nd5 Qf7 18. Qd2 Rd8 19. Qa5 Be6 20. Nc3
b6 21. Qb4 Nf5 22. Bd3 Nd4 23. Ne4 Bxa2+ 24. Ka1 Nxf3 25. gxf3 Rd4 26. Qa3 Be6
27. Kb1 Rad8 28. Rdg1 Kh8 29. Qc3 Ba2+ 30. Kc1 Bh6+ 31. Kd1 Bc4 32. Nf2 {ZÜ}
0-1

[Event "VI. Karnevals-Open"]
[Site "Solingen"]
[Date "2015.02.14"]
[Round "2.11"]
[White "Lindam, Ingo"]
[Black "Bießner, Eberhard"]
[Result "1-0"]
[WhiteElo "2064"]
[BlackElo "1895"]
[PlyCount "131"]
[EventDate "2015.??.??"]
[WhiteTeam "Kölner SK Dr. Lasker"]
[BlackTeam "Rheydter SV"]

1. d4 Nf6 2. Bg5 d5 3. Nd2 Bf5 4. c4 Nc6 5. e3 e6 6. a3 Be7 7. Ngf3 O-O 8. Be2
Ne4 9. Bxe7 Qxe7 10. O-O Nxd2 11. Qxd2 a5 12. Qc3 Rfc8 13. Rac1 Nd8 14. cxd5
exd5 15. Qb3 c6 16. Rc3 Be6 17. Rfc1 f6 18. Bd3 Qd7 19. Qc2 g6 20. h4 Qg7 21.
Kf1 Rc7 22. Qb3 Kh8 23. Qb6 Rcc8 24. Rb3 Qc7 25. Qc5 Nf7 26. Qc2 Nd6 27. Rc3
Qg7 28. Qb3 Qe7 29. Qb6 Qc7 30. Qxc7 Rxc7 31. Nd2 Kg7 32. Nb3 Kf7 33. Nc5 Bf5
34. Be2 Ne4 35. Nxe4 dxe4 36. d5 Bd7 37. Bb5 Rb8 38. Ba4 Ke8 39. Rd1 b5 40. Bb3
c5 41. d6 Rcc8 42. Bg8 h6 43. Bh7 Kf7 44. h5 gxh5 45. Bxe4 b4 46. Rcc1 f5 47.
Bf3 h4 48. Rd5 bxa3 49. bxa3 Rb3 50. Re5 Bb5+ 51. Kg1 Rxa3 52. Rxf5+ Kg7 53.
Rfxc5 Rxc5 54. Rxc5 Ra1+ 55. Kh2 Rb1 56. d7 Bxd7 57. Rc7 Rb2 58. Rxd7+ Kf6 59.
Kg1 a4 60. Rd6+ Kg5 61. Rd5+ Kf6 62. Ra5 Rb1+ 63. Kh2 Ra1 64. Kh3 a3 65. Kxh4
a2 66. Kg3 1-0

[Event "VI. Karnevals-Open"]
[Site "Solingen"]
[Date "2015.02.14"]
[Round "2.12"]
[White "Schaum, Moritz"]
[Black "Boschek, Dr. Hans-Joachim"]
[Result "1-0"]
[WhiteElo "2036"]
[BlackElo "1886"]
[PlyCount "37"]
[EventDate "2015.??.??"]
[WhiteTeam "SF Erkelenz"]
[BlackTeam "SG Solingen"]

1. d4 e6 2. c4 f5 3. Nf3 Nf6 4. g3 Be7 5. Bg2 O-O 6. O-O d6 7. Nc3 Ne4 8. Qc2
Nxc3 9. bxc3 Nd7 10. e4 fxe4 11. Qxe4 Nf6 12. Qe2 Qe8 13. Ng5 e5 14. dxe5 dxe5
15. Qxe5 Ng4 16. Qxc7 Bd8 17. Bd5+ Kh8 18. Nf7+ Rxf7 19. Qxf7 1-0

[Event "VI. Karnevals-Open"]
[Site "Solingen"]
[Date "2015.02.14"]
[Round "2.13"]
[White "Vranidis, Athanassios"]
[Black "Bosbach, Jens"]
[Result "1-0"]
[WhiteElo "1880"]
[BlackElo "2013"]
[PlyCount "61"]
[EventDate "2015.??.??"]
[WhiteTeam "SG Solingen"]
[BlackTeam "Langenfelder SF"]

1. d4 Nf6 2. c4 e6 3. Nc3 Bb4 4. Qc2 b6 5. a3 Bxc3+ 6. Qxc3 Ne4 7. Qc2 Bb7 8.
Nh3 f5 9. Bf4 O-O 10. f3 Nf6 11. Bg5 h6 12. Bh4 Qe8 13. e3 Nc6 14. O-O-O Ne7
15. Bxf6 Rxf6 16. Bd3 d5 17. Kb1 Ba6 18. Qe2 Qa4 19. Rc1 Rb8 20. Nf4 g5 21.
cxd5 Bxd3+ 22. Nxd3 Nxd5 23. Ne5 Rc8 24. h4 Qe8 25. hxg5 hxg5 26. g3 Qe7 27. e4
fxe4 28. fxe4 Rcf8 29. exd5 Rf2 30. Qb5 exd5 31. Rh8+ 1-0

[Event "VI. Karnevals-Open"]
[Site "Solingen"]
[Date "2015.02.14"]
[Round "2.14"]
[White "Herzum, Peter"]
[Black "Baltic, Fatih"]
[Result "1/2-1/2"]
[WhiteElo "1998"]
[BlackElo "1860"]
[PlyCount "72"]
[EventDate "2015.??.??"]
[WhiteTeam "Düsseldorfer SK"]
[BlackTeam "SG Porz"]

1. e4 c5 2. Nf3 e6 3. d4 cxd4 4. Nxd4 a6 5. Bd3 Qc7 6. O-O Nf6 7. Qe2 d6 8. Kh1
Be7 9. c4 Nbd7 10. f4 b6 11. Nc3 Bb7 12. Bd2 O-O 13. Rae1 Rfd8 14. Nf3 b5 15.
cxb5 Nc5 16. bxa6 Bxa6 17. Bxa6 Nxa6 18. Nd4 Rdb8 19. b3 Bf8 20. Rb1 Qc5 21.
Ndb5 d5 22. e5 Ne4 23. Nxe4 Qxb5 24. Qxb5 Rxb5 25. Nc3 Rb7 26. Na4 Ba3 27. Bc1
Bf8 28. Be3 Ba3 29. Bc1 Bf8 30. Bd2 Ba3 31. Rf3 Rc7 32. Rc3 Rac8 33. Kg1 Rxc3
34. Bxc3 Nc5 35. Bb2 Nxa4 36. Bxa3 Nc3 1/2-1/2

[Event "VI. Karnevals-Open"]
[Site "Solingen"]
[Date "2015.02.14"]
[Round "2.15"]
[White "Suvorov, Luca"]
[Black "Nixdorf, Andre"]
[Result "1/2-1/2"]
[WhiteElo "1757"]
[BlackElo "1998"]
[PlyCount "147"]
[EventDate "2015.??.??"]
[WhiteTeam "SG Porz"]
[BlackTeam "SK Norderstedt"]

1. d4 d5 2. c4 c6 3. Nf3 Nf6 4. Nc3 Bf5 5. cxd5 cxd5 6. Qb3 Bc8 7. Bf4 e6 8. e3
a6 9. Bxb8 Rxb8 10. Bxa6 Bd6 11. Bd3 O-O 12. O-O Qa5 13. Rac1 Rd8 14. a3 Bd7
15. e4 Bf4 16. Rce1 dxe4 17. Nxe4 Nd5 18. Nc5 Be8 19. Qc2 h6 20. Qe2 Bd6 21. g3
Bxc5 22. dxc5 Qxc5 23. Rc1 Qb6 24. Rfd1 Nf6 25. Ne5 Ba4 26. Rd2 Rbc8 27. Rc4
Rxc4 28. Nxc4 Qc7 29. h4 Kf8 30. Qe3 Bb3 31. Bf1 Rxd2 32. Nxd2 Bd5 33. b4 Ke7
34. Nb3 Qc2 35. Nd4 Qe4 36. Qxe4 Nxe4 37. Bg2 g5 38. hxg5 hxg5 39. Bxe4 Bxe4
40. Kf1 e5 41. Nb3 f5 42. Ke2 f4 43. gxf4 gxf4 44. Nd2 Bc6 45. Kd3 b5 46. Nb1
Ke6 47. Nc3 Kf5 48. a4 bxa4 49. b5 Bg2 50. b6 a3 51. Ke2 Bc6 52. Na2 e4 53. Nb4
Bb7 54. Na2 Ke5 55. Kd2 Kd4 56. Nc1 Kc4 57. Kc2 f3 58. Nb3 a2 59. Kb2 a1=Q+ 60.
Nxa1 e3 61. fxe3 f2 62. Nb3 Kd3 63. Nc5+ Kxe3 64. Nxb7 f1=Q 65. Nc5 Qb5+ 66.
Nb3 Qxb6 67. Kc3 Qf6+ 68. Kc4 Qa6+ 69. Kc3 Qa3 70. Kc4 Qa2 71. Kc3 Ke4 72. Nd2+
Kd5 73. Kd3 Qa3+ 74. Ke2 1/2-1/2

[Event "VI. Karnevals-Open"]
[Site "Solingen"]
[Date "2015.02.14"]
[Round "2.16"]
[White "Heldt, Maximilian"]
[Black "Reinacher, Detlev"]
[Result "1-0"]
[WhiteElo "1993"]
[BlackElo "1772"]
[PlyCount "59"]
[EventDate "2015.??.??"]
[WhiteTeam "SF Katernberg"]
[BlackTeam "SC Hansa Dortmund"]

1. e4 d6 2. d4 g6 3. Nf3 Bg7 4. Bc4 Nf6 5. Nc3 O-O 6. Qe2 c6 7. h4 b5 8. Bd3 b4
9. Nd1 a5 10. e5 dxe5 11. dxe5 Ng4 12. h5 Qc7 13. hxg6 fxg6 14. e6 Ne5 15. Ng5
h6 16. Nf7 Bxe6 17. Nxh6+ Bxh6 18. Bxh6 Bg4 19. Bc4+ e6 20. f3 Bxf3 21. Bxe6+
Nf7 22. Qxf3 Qe5+ 23. Qe3 Qxe3+ 24. Nxe3 Re8 25. Bxf7+ Kxf7 26. O-O-O Ra7 27.
Nc4 Re2 28. Rd8 Na6 29. Nd6+ Ke6 30. Nc8 1-0

[Event "VI. Karnevals-Open"]
[Site "Solingen"]
[Date "2015.02.14"]
[Round "2.17"]
[White "Kuehn, Patrick"]
[Black "Probst, Andreas"]
[Result "1/2-1/2"]
[WhiteElo "1763"]
[BlackElo "2041"]
[PlyCount "91"]
[EventDate "2015.??.??"]
[WhiteTeam "SG Hochneukirch"]
[BlackTeam "Düsseldorfer SK"]

1. e4 g6 2. d4 Bg7 3. Nc3 d6 4. f4 e6 5. Nf3 Ne7 6. Be3 a6 7. Qd2 Nd7 8. Bd3 b5
9. O-O Bb7 10. e5 d5 11. a4 b4 12. Ne2 a5 13. c3 Nc6 14. Bb5 Bf8 15. Nc1 Na7
16. Bxd7+ Qxd7 17. Nd3 Ba6 18. Rfc1 Bxd3 19. Qxd3 Nc8 20. cxb4 Bxb4 21. Ne1
Bxe1 22. Rxe1 Ne7 23. Rec1 O-O 24. Rc5 Rfb8 25. b3 c6 26. Bd2 Qd8 27. Be1 Qb6
28. Rb1 h5 29. b4 Nf5 30. b5 Kg7 31. Rxc6 Qxd4+ 32. Qxd4 Nxd4 33. Rc7 Ne2+ 34.
Kf1 Nxf4 35. b6 Nd3 36. Bc3 Rd8 37. b7 Rab8 38. Bxa5 Nxe5 39. Rxf7+ Nxf7 40.
Bxd8 Nxd8 41. a5 Nc6 42. a6 Kf6 43. Rc1 Na7 44. Rc7 e5 45. Ke2 Kf5 46. Rf7+
1/2-1/2